[Event "SVK-ch U12"]
[Site "Tatralandia"]
[Date "2025.05.12"]
[Round "2"]
[White "Buday, Alexander"]
[Black "Schwandner, Simon"]
[Result "0-1"]
[WhiteElo "1663"]
[BlackElo "1000"]
[PlyCount "84"]
[EventDate "2025.05.11"]
[EventType "swiss"]
[EventRounds "9"]
[EventCountry "SVK"]
[SourceTitle "CB21_2025"]
[SourceDate "2025.05.21"]
[SourceVersion "1"]
[SourceVersionDate "2025.05.21"]
[SourceQuality "1"]

1. e4 c5 2. Nf3 Nc6 3. d4 cxd4 4. Nxd4 Nf6 5. Nc3 e5 6. Ndb5 d6 7. Bg5 a6 8. Na3 b5 9. Nd5 h6 10. Bxf6 gxf6 11. c3 f5 12. exf5 Bxf5 13. Qf3 Bd7 14. Nf6+ Ke7 15. Nd5+ Ke8 16. Nc2 Rc8 17. Nce3 Bg7 18. Bd3 Be6 19. Bf5 Bxf5 20. Nxf5 Rg8 21. Qg4 Kf8 22. Nde7 Nxe7 23. Nxe7 Kxe7 24. Rd1 Bf6 25. Qe4 Qb6 26. 0-0 Qc6 27. Rd5 Ke6 28. Rfd1 Be7 29. f4 f6 30. f5+ Kf7 31. Qh4 Qb6+ 32. Kh1 Qe3 33. Qh5+ Kf8 34. h4 Qg3 35. Qxh6+ Qg7 36. Qd2 Rc4 37. Qf2 Rxh4+ 38. Kg1 Rg4 39. R1d2 e4 40. Re2 e3 41. Qf3 Rg3 42. Qe4 Qg4 0-1

[Event "SVK-ch U12 rapid"]
[Site "Poprad"]
[Date "2025.05.03"]
[Round "2"]
[White "Buday, Alexander"]
[Black "Pituch, David"]
[Result "0-1"]
[WhiteElo "1635"]
[BlackElo "1451"]
[PlyCount "72"]
[EventDate "2025.05.03"]
[EventType "swiss (rapid)"]
[EventRounds "7"]
[EventCountry "SVK"]
[SourceTitle "CB19_2025"]
[SourceDate "2025.05.07"]
[SourceVersion "1"]
[SourceVersionDate "2025.05.07"]
[SourceQuality "1"]

1. e4 c5 2. Nf3 Nc6 3. d4 cxd4 4. Nxd4 e5 5. Nb5 d6 6. N1c3 a6 7. Na3 h6 8. Nd5 Nf6 9. Nxf6+ Qxf6 10. c3 b5 11. Nc2 Bb7 12. f3 Ne7 13. Be3 Ng6 14. Be2 Be7 15. Qd2 0-0 16. 0-0 Rfd8 17. Nb4 Rac8 18. Rad1 Nf4 19. Bxf4 Qxf4 20. Qxf4 exf4 21. Rd2 Rd7 22. Rfd1 Rcd8 23. Nd5 Bxd5 24. Rxd5 Bf6 25. a4 bxa4 26. Bxa6 a3 27. bxa3 Bxc3 28. Bb5 Rb7 29. a4 Bb4 30. R1d4 Bc3 31. Rxd6 Bxd4+ 32. Rxd4 Rxd4 33. Kf2 Rd2+ 34. Ke1 Rb2 35. Bc6 Rc7 36. Be8 Rc1# 0-1

[Event "SVK-ch U12 rapid"]
[Site "Poprad"]
[Date "2025.05.03"]
[Round "5"]
[White "Jusko, Filip"]
[Black "Buday, Alexander"]
[Result "0-1"]
[WhiteElo "1462"]
[BlackElo "1635"]
[PlyCount "86"]
[EventDate "2025.05.03"]
[EventType "swiss (rapid)"]
[EventRounds "7"]
[EventCountry "SVK"]
[SourceTitle "CB19_2025"]
[SourceDate "2025.05.07"]
[SourceVersion "1"]
[SourceVersionDate "2025.05.07"]
[SourceQuality "1"]

1. d4 Nf6 2. Nc3 g6 3. Bf4 Bg7 4. Nb5 d6 5. e3 a6 6. Nc3 0-0 7. Bd3 Nbd7 8. g4 e5 9. dxe5 dxe5 10. Bg3 Nc5 11. h3 e4 12. Be2 Qe7 13. f3 exf3 14. Nxf3 Qxe3 15. Qd2 Qxd2+ 16. Nxd2 c6 17. 0-0-0 Be6 18. a3 Rad8 19. Rhe1 Nd5 20. Nxd5 Bxd5 21. Bf2 Na4 22. c3 Bxc3 23. bxc3 Nxc3 24. Bd4 Nxd1 25. Rxd1 c5 26. Bb2 Rfe8 27. Bf3 Bxf3 28. Nxf3 Rxd1+ 29. Kxd1 Re3 30. Ng1 Rg3 31. Ne2 Rxh3 32. Nf4 Rg3 33. Ne2 Rxg4 34. Nc3 h5 35. Ne2 h4 36. Ke1 h3 37. Be5 Ra4 38. Bd6 Rxa3 39. Kf2 Ra2 40. Be5 b5 41. Ke1 c4 42. Kd1 b4 43. Kc1 Rxe2 0-1

[Event "SVK-ch U12 rapid"]
[Site "Poprad"]
[Date "2025.05.03"]
[Round "7"]
[White "Kovacik, Oliver1"]
[Black "Buday, Alexander"]
[Result "1-0"]
[WhiteElo "1799"]
[BlackElo "1635"]
[PlyCount "55"]
[EventDate "2025.05.03"]
[EventType "swiss (rapid)"]
[EventRounds "7"]
[EventCountry "SVK"]
[SourceTitle "CB19_2025"]
[SourceDate "2025.05.07"]
[SourceVersion "1"]
[SourceVersionDate "2025.05.07"]
[SourceQuality "1"]

1. d4 d5 2. Bf4 c5 3. e3 Nf6 4. c3 Nc6 5. Nf3 g6 6. Nbd2 Bg7 7. Bd3 0-0 8. 0-0 Nd7 9. Re1 e5 10. dxe5 Bxe5 11. Bxe5 Ndxe5 12. Nxe5 Nxe5 13. Nf3 Bg4 14. Be2 Nc6 15. h3 Be6 16. Qc2 Rc8 17. Qd2 Qb6 18. b3 Rfd8 19. Ng5 d4 20. Nxe6 fxe6 21. Bc4 Ne5 22. exd4 Nxc4 23. bxc4 cxd4 24. cxd4 Rxd4 25. Qe3 Rc6 26. c5 Qxc5 27. Rac1 Re4 28. Qxe4 1-0

[Event "Piestany Slovakia op-B"]
[Site "Piestany"]
[Date "2024.07.11"]
[Round "3"]
[White "Buday, Alexander"]
[Black "Kopacik, Jakub"]
[Result "1-0"]
[WhiteElo "1559"]
[BlackElo "1000"]
[PlyCount "39"]
[EventDate "2024.07.09"]
[EventType "swiss"]
[EventRounds "9"]
[EventCountry "SVK"]
[SourceTitle "EXT 2025"]
[Source "ChessBase"]
[SourceDate "2024.10.14"]
[SourceVersion "1"]
[SourceVersionDate "2024.10.14"]
[SourceQuality "1"]

1. e4 c6 2. d4 d5 3. Nc3 a6 4. Nf3 Bg4 5. Be2 Bxf3 6. Bxf3 e6 7. 0-0 c5 8. exd5 exd5 9. Re1+ Be7 10. Nxd5 Nc6 11. dxc5 b6 12. Nxe7 Ngxe7 13. Bxc6+ Kf8 14. Bxa8 Qxa8 15. Qd7 Qe8 16. Qxe8+ Kxe8 17. cxb6 f6 18. b7 Kf7 19. Rxe7+ Kxe7 20. Bf4 1-0

[Event "Piestany Slovakia op-B"]
[Site "Piestany"]
[Date "2024.07.10"]
[Round "2"]
[White "Livnansky, Michal"]
[Black "Buday, Alexander"]
[Result "1-0"]
[WhiteElo "1799"]
[BlackElo "1559"]
[PlyCount "57"]
[EventDate "2024.07.09"]
[EventType "swiss"]
[EventRounds "9"]
[EventCountry "SVK"]
[SourceTitle "EXT 2025"]
[Source "ChessBase"]
[SourceDate "2024.10.14"]
[SourceVersion "1"]
[SourceVersionDate "2024.10.14"]
[SourceQuality "1"]

1. d4 d5 2. c4 c6 3. Nf3 Nf6 4. e3 e6 5. Nc3 Nbd7 6. Bd3 dxc4 7. Bxc4 b5 8. Bd3 a6 9. 0-0 c5 10. b3 Be7 11. Bb2 0-0 12. Rc1 Bb7 13. Qe2 Rc8 14. Rfd1 Qb6 15. dxc5 Nxc5 16. Bb1 b4 17. Na4 Nxa4 18. bxa4 Rxc1 19. Rxc1 Rd8 20. Nd4 Ne4 21. Qg4 Nc3 22. Bxc3 bxc3 23. Bc2 Qb2 24. Rb1 Qxa2 25. Rxb7 Rxd4 26. Qxd4 Qxc2 27. Rb8+ Bf8 28. Rxf8+ Kxf8 29. Qd8# 1-0